000 00784nam a22001937a 4500
999 _c5515
_d5515
003 AR-CdUCM
008 190312b ||||| |||| 00| 0 spa d
040 _aMUNICIPALIDAD PROVINCIAL DEL CUSCO
_cBIBLIOTECA MUNICIPAL DEL CUSCO
082 _a305.4 /
_bAG31
245 _aY las Mujeres tambien trabajan /
260 _aChile :
_bAcademia de Humanismo Cristiano ,
_c1983.
300 _a75 páginas ;
_c27.4 cm.
505 _aContenido : Aspectos Teorico - Metodologicos -- El contexto regional : La Situacion de Policultivos -- Estrategias economicas y participacion de la mujer en las unidades campesinas -- Organizacion y Mujer...
650 _aMujer Andina
_916540
650 _aGenero
_91111
650 _aHistoria de la mujer Andina
_916541
942 _2ddc
_cLIBROS
945 _artm